Library of the University of Algiers 3
Ibrahim Sultan Cheibout
شعار جامعة الجزائر 3
مكتبة جامعة الجزائر 3
إبراهيم سلطان شيبوط

أبحاث في القانون المدني : (رقم التسجيلة. 42362)

تفاصيل مارك
000 -LEADER
fixed length control field 01519nam a2200217Ia 4500
003 - CONTROL NUMBER IDENTIFIER
control field Ost
005 - DATE AND TIME OF LATEST TRANSACTION
control field 20260507075028.0
008 - FIXED-LENGTH DATA ELEMENTS--GENERAL INFORMATION
fixed length control field 260507s9999||||xx |||||||||||||| ||und||
040 ## - CATALOGING SOURCE
Transcribing agency fsecg
041 ## - LANGUAGE CODE
Language code of text/sound track or separate title ara
082 ## - DEWEY DECIMAL CLASSIFICATION NUMBER
Classification number 330
100 ## - MAIN ENTRY--PERSONAL NAME
Personal name أدهم، فوزي
Relator term مؤلف
245 #0 - TITLE STATEMENT
Title أبحاث في القانون المدني :
Remainder of title الأموال والحقوق العينية /
Statement of responsibility, etc. فوزي أدهم
260 ## - PUBLICATION, DISTRIBUTION, ETC.
Place of publication, distribution, etc. بيروت:
Name of publisher, distributor, etc. [دون ناشر],
Date of publication, distribution, etc. 2002
300 ## - PHYSICAL DESCRIPTION
Extent 403 صفحة؛
Other physical details إيضاحات ؛
Dimensions 24 سم
520 ## - SUMMARY, ETC.
Summary, etc. الأموال، تصنيف وتقسيم الأموال، تقسيم الأشياء، الأموال الخاصة والأموال العامة، تقسيم الحقوق، الذمة المالية، وضع اليد أو الحيازة، إطار الحيازة وعناصرها، إكتساب الحيازة، عيوب الحيازة،آثار الحيازة، النظرية العامة في الملكية، التطور في شؤون الملكية، تعريف حق الملكية وخصائصه، عناصر حق الملكية، قيود الملكية، الملكية الشائعة، القسمة، ملكية الطوابق والشقق، الحقوق العينية المتفرعة، حق الإنتفاع، حقوق الإرتفاق، حق التصرف، مصادر الحقوق العينية الأصلية وطرق إكتسابها
653 ## - INDEX TERM--UNCONTROLLED
Uncontrolled term الأموال
653 ## - INDEX TERM--UNCONTROLLED
Uncontrolled term الحقوق العينية
653 ## - INDEX TERM--UNCONTROLLED
Uncontrolled term القانون المدني
942 ## - ADDED ENTRY ELEMENTS (KOHA)
Koha item type كتب
المقتنيات
Withdrawn status Lost status Source of classification or shelving scheme Damaged status Not for loan Home library Current library Date acquired Serial enumeration / chronology Inventory number Total checkouts Full call number Barcode Date last seen Price effective from Koha item type
    Dewey Decimal Classification   NOT LOAN / إعارة داخلية مكتبة كلية العلوم الإقتصادية والعلوم التجارية وعلوم التسيير مكتبة كلية العلوم الإقتصادية والعلوم التجارية وعلوم التسيير 07/05/2026 الطابق الأرضي 1/203   أ/203ن1 1/203 07/05/2026 07/05/2026 كتب
    Dewey Decimal Classification   Available مكتبة كلية العلوم الإقتصادية والعلوم التجارية وعلوم التسيير مكتبة كلية العلوم الإقتصادية والعلوم التجارية وعلوم التسيير 07/05/2026 الطابق الأرضي 2/203   أ/203ن2 2/203 07/05/2026 07/05/2026 كتب
    Dewey Decimal Classification   Available مكتبة كلية العلوم الإقتصادية والعلوم التجارية وعلوم التسيير مكتبة كلية العلوم الإقتصادية والعلوم التجارية وعلوم التسيير 07/05/2026 الطابق الأرضي 3/203   أ/203ن3 3/203 07/05/2026 07/05/2026 كتب
    Dewey Decimal Classification   Available مكتبة كلية العلوم الإقتصادية والعلوم التجارية وعلوم التسيير مكتبة كلية العلوم الإقتصادية والعلوم التجارية وعلوم التسيير 07/05/2026 الطابق الثاني 4/203   أ/203ن4 4/203 07/05/2026 07/05/2026 كتب

موارد الويب المفتوحة


© University of Algiers 3 All Rights Reserved
|
Implemented by LECHELAH Riad